000 00690nam a2200157 a 4500
008 160216s2008 ||||||||||||||||| || u
020 _a9788184483437
050 _aRC 58 Aci
100 _aGopal, Muralikrishna
245 1 0 _aAcing the USMLE and the match: a guide for international medical graduates
_cEdited by Muralikrishna Gopal
260 _aNew Delhi
_bJaypee Brothers Medical publishers
_c2008
300 _axiv, 261p.
350 _a27.00
650 _aCLINICAL MEDICINE--EXAMINATIONS, QUESTIONS, ETC
995 _aMEDICAL LIBRARY OPEN ACCESS
_e903403
_FCBU-SCHOOL OF MEDICINE LIBRARY (Ndola)
_I27.00
_jRC 58 Aci
_M1
_UAVAILABLE
_WFeb 16, 2016
_y903403
_ZMedical Library Open Access Collection
999 _c30693
_d30693